000 00520nam a2200193Ia 4500
001 12642
003 GE_BSU
008 181216s||||||||xx |||||||||||||| ||und||
040 _cGE_BSU
080 _a634.1(075.32)
245 _aПлодоводство
245 _cПод.ред.П.Я.Яковлева. Ред.А.А. Россошанский
260 _aМосква
260 _bСельхозгиз
260 _c1955
300 _a455стр.илл.23см.
653 _aПлодоводство
942 _cBK
999 _c45813
_d45813